000 00376nam a2200181Ia 4500
003 0STCL
008 150530s9999 xx 000 0 und d
040 _aSTCL
_cSTCL
100 _aHerman Melville
245 _aMoby Dick
250 _a1
260 _c2006
_aNew Delhi
300 _a0
546 _aHindi
942 _2ddc
_cBK
999 _c64351
_d64351
005 20220125171242.0